Normal view
MARC view
- Fraguela Vale, Raúl
Entry Nombre Personal
001 - NUMERO DE CONTROL
- campo de control: 49892
003 - IDENTIFICADOR DE NUMERO DE CONTROL
- campo de control: UPN
005 - FECHA Y HORA DE LA ÜLTIMA TRANSACCIÓN
- campo de control: 20230906130853.0
008 - DATOS DE LONGITUD FIJA
- campo de control de longitud fija: 230906|| acn||aabn | a|a d
024 7# - OTROS IDENTIFICADORES NORMALIZADOS
- Fuente: orcid
- Número normalizado o código: https://orcid.org/0000-0002-0300-9903
040 ## - FUENTE DE CATALOGACIÓN
- Agencia original de catalogación: MX-MxUPN
100 ## - ENCABEZAMIENTO - NOMBRE PERSONAL
- Nombre personal: Fraguela Vale, Raúl
370 ## - LUGAR ASOCIADO
- Associated country: España
371 ## - DIRECCIÓN
- Electronic mail address: raul.fraguela@udc.es
372 ## - CAMPO DE ACTIVIDAD
- Field of activity: Educación para el ocio. Educación física. Evaluación de programas (físico deportivos). Políticas deportivas.
- Field of activity: El juego en la infancia.
373 ## - GRUPO ASOCIADO
- Associated group: Universidad de A Coruña. Facultad de Educación. Departamentos de Didácticas específicas.
374 ## - OCUPACIÓN
- Occupation: Profesor - invesigador universitario
670 ## - FUENTE EN LA QUE SE LOCALIZARON DATOS
- Cita de la fuente: En recurso en línea: Pedagogía social : revista interuniversitaria. No. 43 (2023)
- Información localizada: (Raúl Fraguela Vale)
- Uniform Resource Identifier: https://recyt.fecyt.es/index.php/PSRI/article/view/98881
902 ## - CATALOGADOR
- Catalogador: BLSM/060923
